Which of the Two Similar Movies...? Quiz Stats

 Plays Quiz Updated Sep 3, 2017

Also try: Movies on the Move
Challenge
Share
Tweet
Embed
Score 0/18 Timer 05:00
5 Plays Today
Question Answer Wrong Answers
Which of the two Cold War-set films in which a lonely boy befriends an extra-terrestrial and defends him against the forces of the US government...features product placement for Reese's Pieces? E.T.
91.8%
The Iron Giant
8.2%
Which of the two comedies in which an oddball family must travel to California despite numerous difficulties (including the death of their foul-mouthed elder figure)...features a yellow VW Bus? Little Miss Sunshine
88.1%
National Lampoon's Vacation
10.6%
Which of the two prison-set, Frank Darabont-directed movies adapted from a non-horrific work of Stephen King that got a Best Picture nomination but no Oscar wins...features Michael Clarke Duncan? The Green Mile
85.4%
The Shawshank Redemption
12.7%
Which of the two movies in which an anti-social drifter in a grungy post-apocalyptic world comes across a tribe in a makeshift fortress defending themselves against vicious assailants...is a sequel to a previous film? The Road Warrior
80.3%
Waterworld
13.9%
Which of the two mid-1980s films in which a brawny action star goes back to Vietnam along with an old army buddy to locate and rescue prisoners of war...stars Chuck Norris? Missing in Action
80.2%
Rambo: First Blood Part II
13.8%
Which of the two action films in which a young, wooden-acting undercover FBI agent investigates a gang of extreme sport enthusiasts before becoming too close to the charismatic leader of the gang...ends with the death of the gang leader? Point Break
78%
The Fast and the Furious
16.7%
Which of the two comedies in which an uptight man is paired with an annoying companion as he attempts to travel across the country (only to eventually bond)...is set during Thanksgiving? Planes, Trains, and Automobiles
76.3%
Due Date
16.8%
Which of the two Best Picture-nominated modern westerns set in West Texas that feature an elderly lawman...ends with the lawman describing an ambiguous dream? No Country For Old Men
72.9%
Hell or High Water
23.4%
Which of the two futuristic films in which organs can be financed and repossessed by a heartless -- pun intended -- corporation upon failure to pay...is a musical? Repo!
72.4%
Repo Men
20.9%
Which of the two 2006-released movies featuring secretive magicians in late 19th century Europe...was nominated for more Oscars? The Prestige
67.3%
The Illusionist
29.4%
Which of the two movies in which a Civil War veteran meets a supposedly primitive culture that he grows to consider his own and fights with against the forces of modernity...ends with a climactic battle that kills off most of the heroic characters? The Last Samurai
66.5%
Dances with Wolves
30.7%
Which of the two mid-2000s dramas which focus on author Truman Capote as he goes to Kansas to research the event which will become his book In Cold Blood...starred Sandra Bullock as Harper Lee? Infamous
53.6%
Capote
41.4%
Which of the two courtroom dramas in which three soldiers are unjustly railroaded by their superior officers despite a spirited legal defense...is set in the Boer War? Breaker Morant
52.1%
Paths of Glory
43.2%
Which of the two early-1960s films featuring a lone warrior who comes into a town of two rival gangs and decides to play both sides against the middle for his own profit...was released first? Yojimbo
49.2%
A Fistful of Dollars
44.3%
Which of the two 2011-released three-word-titled romantic comedies about a pair of friends who decide to add sex to their friendship...featured a subplot about a character with Alzheimer's? Friends with Benefits
48.3%
No Strings Attached
47.7%
Which of the THREE Howard Hawks-directed, John-Wayne starring, Western genre films about a sheriff defending his Spanish-named town against vicious outlaws...starred a Rat Pack member? Rio Bravo
47.3%
El Dorado
28%
Rio Lobo
16.6%
Which of the two 2013-released Die Hard-clone action films featuring a protagonist saving the President's life during an attack on Washington...grossed more domestically? Olympus Has Fallen
45%
White House Down
54.4%
Which of the two deeply pessimistic mid-80s television movies about humanity's depressing existence after a global nuclear war...was aired originally by BBC? Threads
42.6%
The Day After
49.9%

You're not logged in!

Compare scores with friends on all Sporcle quizzes.
OR
Log In

You Might Also Like...

Show Comments

Extras

Top Quizzes Today


Score Distribution

Your Account Isn't Verified!

In order to create a playlist on Sporcle, you need to verify the email address you used during registration. Go to your Sporcle Settings to finish the process.

Report this User

Report this user for behavior that violates our Community Guidelines.

Details: